000 00392nam a2200181Ia 4500
003 IT-RoPAU
008 120407s9999 xx 000 0 und d
040 _aIT-RoPAU
040 _cIT-RoPAU
100 _aPio XI
245 _aDiscorsi di Pio XI (1922-1939)
260 _aVaticana
300 _c cm
490 _v3
600 _auna serie completa a parte
942 _cBK
999 _c12489
_d12489